000 00590nam a2200229Ia 4500
001 1068
003 GE_BSU
008 181216s||||||||xx |||||||||||||| ||und||
040 _cGE_BSU
080 _a575(075.8)
100 _aСтент,Г.;Келиндер,Р.
245 _aМолекулярная генетика.
245 _bПер. с англ.
245 _cПод ред.Алиханяна
260 _aМосква
260 _bМир
260 _c1981
300 _a646стр.
541 _h20л.
653 _aМолекулярная генетика
942 _cBK
999 _c35222
_d35222